In plain sight 2 cats - Statistics

General Stats
  • This quiz has been taken 6 times
    3 since last reset
  • The average score is 6 of 12
Answer Stats
Cat % Correct
Binx
100%
Priscilla
67%
Scott
67%
Valentine
67%
Cosmo
33%
Dookietron
33%
Doudou
33%
Jet
33%
Pippy
33%
Sagwa
33%
Sammy
33%
Sapphire
33%
No matching quizzes found
Score Distribution
Percent of People with Each Score
Percentile by Number Answered
Your Score History
You have not taken this quiz since the last reset